000 00749nam a2200241 i 4500
001 000026838
003 DO-SdBNP
005 20260605141143.0
007 ta
008 110325s1951 dr 000 0 spa d
040 _aDO-SdBNP
_bspa
_cBNPHU
_erda
082 _bA948p
100 1 _aAvelino, Andrés,
_d1900-1974
_eautor
_931875
245 1 3 _aEl problema antinómico de la fundamentación de una lógica pura /
_cAndrés Avelino García.
264 _aCiudad Trujillo, República Dominicana :
_bMontalvo,
_c1951.
300 _a328 paginas ;
_c21 cm.
336 _2rdacontent
_atexto
_btxt
337 _2rdamedia
_asin mediación
_bn
338 _2rdacarrier
_avolumen
_bnc
590 _aInventariado, 2023 / DG
910 _aDG
942 _2ddc
_cLBS1
999 _c26330
_d26330